[Event "EU-chT Seniors 65"]
[Site "Terme Catez"]
[Date "2024.05.13"]
[Round "7.3"]
[White "Hohler, Peter"]
[Black "Hedin, Gunnar"]
[Result "1/2-1/2"]
[WhiteElo "2072"]
[BlackElo "2064"]
[PlyCount "50"]
[EventDate "2024.05.07"]
[EventType "team-swiss"]
[EventRounds "9"]
[EventCountry "SLO"]
[SourceTitle "CB20_2024"]
[SourceDate "2024.05.16"]
[SourceVersion "1"]
[SourceVersionDate "2024.05.16"]
[SourceQuality "1"]
[WhiteTeam "Switzerland 65"]
[BlackTeam "Sweden 65 II"]
[WhiteTeamCountry "SUI"]
[BlackTeamCountry "SWE"]

1. c4 f5 2. Nc3 Nf6 3. g3 g6 4. Bg2 Bg7 5. d3 d6 6. e4 fxe4 7. dxe4 0-0 8. Nge2 c5 9. 0-0 Nc6 10. h3 e5 11. f4 Nd4 12. f5 gxf5 13. exf5 Nxf5 14. Qd3 Nd4 15. Bg5 Qe8 16. Bxf6 Bxf6 17. Nd5 Bd8 18. Rxf8+ Qxf8 19. Rf1 Qh6 20. g4 Be6 21. Ng3 Rb8 22. Nf5 Bxf5 23. gxf5 Bf6 24. Be4 Kf7 25. Kh1 Rg8 1/2-1/2

[Event "EU-chT Seniors 65"]
[Site "Dresden"]
[Date "2022.11.02"]
[Round "7.4"]
[White "Thor, Jon Th"]
[Black "Hohler, Peter"]
[Result "1/2-1/2"]
[WhiteElo "2108"]
[BlackElo "2073"]
[PlyCount "29"]
[EventDate "2022.10.27"]
[EventType "team-swiss"]
[EventRounds "9"]
[EventCountry "GER"]
[SourceTitle "EXT 2024"]
[Source "ChessBase"]
[SourceDate "2023.10.10"]
[SourceVersion "1"]
[SourceVersionDate "2023.10.10"]
[SourceQuality "1"]
[WhiteTeam "Iceland 65"]
[BlackTeam "Schweiz 65"]
[WhiteTeamCountry "ISL"]
[BlackTeamCountry "SUI"]

1. e4 e5 2. Nf3 Nc6 3. Bb5 a6 4. Ba4 Nf6 5. 0-0 Be7 6. Bxc6 dxc6 7. d3 Nd7 8. Nbd2 0-0 9. Nc4 f6 10. a4 Nc5 11. b3 Bg4 12. h3 Bh5 13. g4 Bf7 14. Ne3 Ne6 15. Nf5 1/2-1/2

[Event "EU-chT Seniors 65"]
[Site "Dresden"]
[Date "2022.10.29"]
[Round "3.4"]
[White "Steiger, Michael"]
[Black "Hohler, Peter"]
[Result "1/2-1/2"]
[WhiteElo "2009"]
[BlackElo "2073"]
[PlyCount "119"]
[EventDate "2022.10.27"]
[EventType "team-swiss"]
[EventRounds "9"]
[EventCountry "GER"]
[SourceTitle "EXT 2024"]
[Source "ChessBase"]
[SourceDate "2023.10.10"]
[SourceVersion "1"]
[SourceVersionDate "2023.10.10"]
[SourceQuality "1"]
[WhiteTeam "Berlin Kreuzberg 65"]
[BlackTeam "Schweiz 65"]
[WhiteTeamCountry "GER"]
[BlackTeamCountry "SUI"]

1. c4 Nf6 2. g3 e6 3. Bg2 d5 4. Nf3 Be7 5. d4 0-0 6. Qc2 c6 7. 0-0 b6 8. Nbd2 Bb7 9. e4 Na6 10. e5 Nd7 11. a3 Nc7 12. Re1 a5 13. b3 c5 14. Bb2 Rc8 15. Rad1 Nb8 16. h4 cxd4 17. Bxd4 Nb5 18. Be3 Nd7 19. Bg5 h6 20. Bxe7 Qxe7 21. a4 Nc7 22. Qc3 Rfd8 23. Qe3 Ba8 24. Nd4 Nc5 25. Kh2 Rd7 26. N2f3 dxc4 27. bxc4 Nxa4 28. Qb3 Qb4 29. Qxb4 axb4 30. Rb1 Na6 31. Nb5 Rxc4 32. Nd6 Rc3 33. Nd4 Bxg2 34. Kxg2 N4c5 35. N4b5 Rc2 36. Red1 Kf8 37. Nd4 Ra2 38. Kf3 f6 39. Nc4 Rb7 40. Nc6 Rd7 41. exf6 gxf6 42. Rxd7 Nxd7 43. Nxb4 Ra4 44. Nxa6 Rxc4 45. Ke3 Ke7 46. Nb4 f5 47. Nd3 Kf6 48. Rb5 Rc3 49. Kd2 Rc6 50. Ke3 Rc4 51. Nf4 Rc5 52. Rb2 Rc3+ 53. Kd2 Rc6 54. Ke3 Ne5 55. Rb3 Ng4+ 56. Kf3 Rc2 57. Nd3 Rc6 58. Nf4 Rc2 59. Nd3 Rc6 60. Nf4 1/2-1/2

[Event "WchT Seniors 65"]
[Site "Prague"]
[Date "2020.03.07"]
[Round "2.12"]
[White "Page, Mark"]
[Black "Hohler, Peter"]
[Result "1/2-1/2"]
[WhiteElo "2135"]
[BlackElo "2057"]
[PlyCount "115"]
[EventDate "2020.03.06"]
[EventType "team-swiss"]
[EventRounds "7"]
[EventCountry "CZE"]
[SourceTitle "CBM 195 Extra"]
[Source "ChessBase"]
[SourceDate "2020.05.31"]
[SourceVersion "1"]
[SourceVersionDate "2020.05.31"]
[SourceQuality "1"]
[WhiteTeam "England 65"]
[BlackTeam "Switzerland 65"]
[WhiteTeamCountry "ENG"]
[BlackTeamCountry "SUI"]

1. e4 e5 2. Nf3 Nc6 3. Bb5 a6 4. Ba4 Nf6 5. d4 exd4 6. 0-0 Be7 7. Re1 b5 8. Bb3 d6 9. Bd5 Bb7 10. Bxc6+ Bxc6 11. Nxd4 Bd7 12. Nc3 0-0 13. Nf5 Bxf5 14. exf5 d5 15. Bg5 c6 16. a4 b4 17. Ne2 Re8 18. Ng3 h6 19. Bh4 Ne4 20. Bxe7 Rxe7 21. Nxe4 Rxe4 22. Rxe4 dxe4 23. Qg4 Qe7 24. h3 Re8 25. Re1 c5 26. Qf4 Qf6 27. b3 Qd4 28. Kh2 Kf8 29. Re3 Qd5 30. g4 f6 31. Re2 Qb7 32. Qd6+ Qe7 33. Qxe7+ Rxe7 34. Kg3 Kf7 35. Kf4 Rd7 36. Kxe4 Re7+ 37. Kd3 Rxe2 38. Kxe2 Ke7 39. Ke3 Kd6 40. Ke4 Kc6 41. f4 Kd6 42. Kd3 Kd5 43. c3 bxc3 44. Kxc3 Kd6 45. Kc4 Kc6 46. b4 cxb4 47. Kxb4 Kb6 48. h4 Kc6 49. Kc4 Kd6 50. Kb4 Kc6 51. Ka5 Kb7 52. g5 h5 53. Kb4 Kb6 54. Ka3 Kc5 55. Kb3 a5 56. Kc3 Kd5 57. Kd3 Kc5 58. Kc3 1/2-1/2

[Event "WchT Seniors 65"]
[Site "Prague"]
[Date "2020.03.06"]
[Round "1.25"]
[White "Hohler, Peter"]
[Black "Virtanen, Esko"]
[Result "1-0"]
[WhiteElo "2057"]
[BlackElo "1723"]
[PlyCount "73"]
[EventDate "2020.03.06"]
[EventType "team-swiss"]
[EventRounds "7"]
[EventCountry "CZE"]
[SourceTitle "CBM 195 Extra"]
[Source "ChessBase"]
[SourceDate "2020.05.31"]
[SourceVersion "1"]
[SourceVersionDate "2020.05.31"]
[SourceQuality "1"]
[WhiteTeam "Switzerland 65"]
[BlackTeam "Finland 65 III"]
[WhiteTeamCountry "SUI"]
[BlackTeamCountry "FIN"]

1. d4 d5 2. c4 Nf6 3. cxd5 Nxd5 4. Nf3 Bf5 5. Qb3 Bxb1 6. Rxb1 Nb6 7. e4 e6 8. Be3 c6 9. Bd3 Be7 10. 0-0 0-0 11. Rfd1 Qc7 12. Rbc1 N8d7 13. Bb1 Rac8 14. d5 exd5 15. exd5 c5 16. Qd3 g6 17. d6 c4 18. Qd4 Bf6 19. dxc7 Bxd4 20. Nxd4 Rxc7 21. Nb5 Rc6 22. Nxa7 Re6 23. Nb5 Ne5 24. Nc7 Rc6 25. Nd5 Nc8 26. h3 b5 27. a3 Ra6 28. Bc5 Nd7 29. Bxf8 Nxf8 30. Nb4 Re6 31. Re1 Rd6 32. Rcd1 Ne6 33. Rxd6 Nxd6 34. Rd1 Nb7 35. Bc2 Nbc5 36. Nd5 Kg7 37. Nc3 1-0

[Event "Wch Seniors 65 29th"]
[Site "Bucharest"]
[Date "2019.11.20"]
[Round "8"]
[White "Hohler, Peter"]
[Black "Babula, Milan"]
[Result "1/2-1/2"]
[WhiteElo "2059"]
[BlackElo "2175"]
[PlyCount "66"]
[EventDate "2019.11.12"]
[EventType "swiss"]
[EventRounds "11"]
[EventCountry "ROU"]
[SourceTitle "CBM 193 Extra"]
[Source "ChessBase"]
[SourceDate "2020.01.31"]
[SourceVersion "1"]
[SourceVersionDate "2020.01.31"]
[SourceQuality "1"]

1. d4 Nf6 2. Nf3 g6 3. g3 Bg7 4. Bg2 0-0 5. 0-0 d6 6. c4 Na6 7. Nc3 c5 8. h3 Bd7 9. Be3 Qc8 10. Kh2 Bc6 11. d5 Bd7 12. Qd2 Nc7 13. Bh6 b5 14. Bxg7 Kxg7 15. cxb5 Nxb5 16. e4 Nxc3 17. Qxc3 Rb8 18. Rfe1 Qb7 19. b3 Qb4 20. Rac1 Qxc3 21. Rxc3 Rb4 22. Rce3 a5 23. Nd2 Rd4 24. Nf3 Rb4 25. Nd2 a4 26. e5 Nxd5 27. Rd3 e6 28. Bxd5 exd5 29. Rxd5 Be6 30. Rxd6 axb3 31. axb3 Bxb3 32. Nxb3 Rxb3 33. Rc6 Rc3 1/2-1/2

[Event "EUR-chT Seniors 65"]
[Site "Mali Losinj"]
[Date "2019.09.21"]
[Round "4.4"]
[White "Hohler, Peter"]
[Black "Nielsen, Preben Lovgren"]
[Result "1-0"]
[WhiteElo "2047"]
[BlackElo "2007"]
[PlyCount "71"]
[EventDate "2019.09.18"]
[EventType "team-swiss"]
[EventRounds "9"]
[EventCountry "CRO"]
[SourceTitle "EXT 2020"]
[Source "ChessBase"]
[SourceDate "2019.10.17"]
[SourceVersion "1"]
[SourceVersionDate "2019.10.17"]
[SourceQuality "1"]
[WhiteTeam "Switzerland 65"]
[BlackTeam "Roskilde Skive 65"]
[WhiteTeamCountry "SUI"]
[BlackTeamCountry "DEN"]

1. d4 Nf6 2. c4 c5 3. d5 e6 4. Nc3 exd5 5. cxd5 d6 6. e4 g6 7. h3 Bg7 8. Nf3 0-0 9. Bd3 Re8 10. 0-0 a6 11. a4 c4 12. Bc2 Nbd7 13. Re1 Nc5 14. Bf4 Qb6 15. Rb1 Nfd7 16. Nd2 Nd3 17. Bxd3 cxd3 18. Nc4 Qd4 19. Nxd6 Rf8 20. Be3 Qb4 21. Nxc8 Raxc8 22. Qxd3 Ne5 23. Qd1 Nc4 24. Bf4 Nxb2 25. Na2 Qc4 26. Qd2 Qxa2 27. e5 Qxa4 28. Rxb2 Qd7 29. Rb3 Rc5 30. Rd3 Rfc8 31. Bg3 Rc2 32. Qe3 Bf8 33. e6 fxe6 34. dxe6 Qe8 35. e7 Bg7 36. Rd8 1-0

[Event "EUR-chT Seniors 65"]
[Site "Mali Losinj"]
[Date "2019.09.19"]
[Round "2.1"]
[White "Kalegin, Evgenij"]
[Black "Hohler, Peter"]
[Result "1-0"]
[WhiteElo "2435"]
[BlackElo "2047"]
[PlyCount "75"]
[EventDate "2019.09.18"]
[EventType "team-swiss"]
[EventRounds "9"]
[EventCountry "CRO"]
[SourceTitle "EXT 2020"]
[Source "ChessBase"]
[SourceDate "2019.10.17"]
[SourceVersion "1"]
[SourceVersionDate "2019.10.17"]
[SourceQuality "1"]
[WhiteTeam "Russia 65"]
[BlackTeam "Switzerland 65"]
[WhiteTeamCountry "RUS"]
[BlackTeamCountry "SUI"]

1. e4 e5 2. Nf3 Nc6 3. Bb5 a6 4. Ba4 Nf6 5. d3 b5 6. Bb3 Be7 7. 0-0 d6 8. c3 0-0 9. Re1 Na5 10. Bc2 c5 11. Nbd2 Nc6 12. Nf1 h6 13. Ne3 Re8 14. a4 Bb7 15. Bb3 Bf8 16. Ba2 Qd7 17. Nh4 Kh7 18. axb5 axb5 19. Qf3 Na5 20. Bd2 c4 21. Nef5 d5 22. Rad1 dxe4 23. dxe4 Qc6 24. Qg3 g6 25. Bb1 gxf5 26. Nxf5 Bc8 27. Bxh6 Bxf5 28. Bxf8 Rxf8 29. exf5 Rad8 30. Qxe5 Rfe8 31. Qf4 Rxe1+ 32. Rxe1 Qd6 33. Qh4+ Kg7 34. h3 Qd2 35. Re3 Qd1+ 36. Kh2 Qd6+ 37. f4 Rh8 38. Rg3+ 1-0

[Event "Wch Seniors 65 28th"]
[Site "Bled"]
[Date "2018.11.29"]
[Round "11"]
[White "Hohler, Peter"]
[Black "Cordioli, Jairo Ribeiro"]
[Result "1-0"]
[WhiteElo "2048"]
[BlackElo "1804"]
[PlyCount "103"]
[EventDate "2018.11.18"]
[EventType "swiss"]
[EventRounds "11"]
[EventCountry "SLO"]
[SourceTitle "EXT 2020"]
[Source "ChessBase"]
[SourceDate "2019.10.17"]
[SourceVersion "1"]
[SourceVersionDate "2019.10.17"]
[SourceQuality "1"]

1. d4 Nf6 2. c4 g6 3. Nc3 Bg7 4. e4 d6 5. f3 0-0 6. Be3 b6 7. Bd3 c5 8. Nge2 Nc6 9. Bc2 Ba6 10. b3 Nd7 11. 0-0 e6 12. Qd2 cxd4 13. Nxd4 Nxd4 14. Bxd4 Bxd4+ 15. Qxd4 Qf6 16. Qxf6 Nxf6 17. Rfd1 Rfd8 18. Rd2 Kf8 19. a4 Ke7 20. Rad1 Bb7 21. h4 a6 22. g4 h5 23. g5 Ne8 24. Kf2 Nc7 25. f4 e5 26. f5 Bc6 27. Bd3 Rab8 28. Bf1 Ne8 29. Bh3 gxf5 30. Bxf5 Ng7 31. Bh3 Ne6 32. Bxe6 fxe6 33. Ke2 b5 34. axb5 axb5 35. Kd3 d5 36. cxd5 exd5 37. Nxd5+ Bxd5 38. exd5 Rxd5+ 39. Ke4 Rxd2 40. Rxd2 Rf8 41. Kxe5 Rf3 42. b4 Rh3 43. Rd4 Rf3 44. Rd5 Rh3 45. Rxb5 Rxh4 46. Rb7+ Kf8 47. Kf6 Rf4+ 48. Kg6 h4 49. b5 h3 50. Rb8+ Ke7 51. Rh8 Rf3 52. b6 1-0

[Event "Wch Seniors 65 28th"]
[Site "Bled"]
[Date "2018.11.25"]
[Round "7"]
[White "Hohler, Peter"]
[Black "Schramek, Kurt"]
[Result "1/2-1/2"]
[WhiteElo "2048"]
[BlackElo "1569"]
[PlyCount "26"]
[EventDate "2018.11.18"]
[EventType "swiss"]
[EventRounds "11"]
[EventCountry "SLO"]
[SourceTitle "CBM 187 Extra"]
[Source "ChessBase"]
[SourceDate "2018.11.04"]
[SourceVersion "1"]
[SourceVersionDate "2018.11.04"]
[SourceQuality "1"]

1. d4 Nf6 2. c4 e6 3. Nf3 b6 4. a3 Ba6 5. Qc2 Bb7 6. Nbd2 Be7 7. g3 0-0 8. Bg2 d5 9. 0-0 Nbd7 10. Rd1 Rc8 11. b4 c5 12. bxc5 bxc5 13. Rb1 Ba8 1/2-1/2

[Event "EU-chT Seniors 65"]
[Site "Walbrzych"]
[Date "2018.04.20"]
[Round "7.2"]
[White "Scrimgour, Alan"]
[Black "Hohler, Peter"]
[Result "1/2-1/2"]
[WhiteElo "2083"]
[BlackElo "2076"]
[PlyCount "33"]
[EventDate "2018.04.14"]
[EventType "team-swiss"]
[EventRounds "9"]
[EventCountry "POL"]
[SourceTitle "CBM 184 Extra"]
[Source "ChessBase"]
[SourceDate "2018.06.28"]
[SourceVersion "1"]
[SourceVersionDate "2018.06.28"]
[SourceQuality "1"]
[WhiteTeam "Scotland 65"]
[BlackTeam "Switzerland 65"]
[WhiteTeamCountry "SCO"]
[BlackTeamCountry "SUI"]

1. e4 e5 2. f4 exf4 3. Bc4 Nf6 4. Nc3 c6 5. d4 d5 6. exd5 cxd5 7. Bb3 Nc6 8. Bxf4 Bb4 9. Nge2 Ne4 10. 0-0 Bxc3 11. Nxc3 Nxc3 12. bxc3 0-0 13. Qh5 Be6 14. Rae1 Qd7 15. Re3 Rad8 16. Ba4 f6 17. Qe2 1/2-1/2

[Event "EU-ch Seniors 65 17th"]
[Site "Sabadell"]
[Date "2017.08.17"]
[Round "6"]
[White "Hohler, Peter"]
[Black "Malmdin, Nils Ake"]
[Result "1/2-1/2"]
[WhiteElo "2104"]
[BlackElo "2226"]
[PlyCount "48"]
[EventDate "2017.08.12"]
[EventType "swiss"]
[EventRounds "9"]
[EventCountry "ESP"]
[SourceTitle "CBM 180 Extra"]
[Source "ChessBase"]
[SourceDate "2017.10.06"]
[SourceVersion "1"]
[SourceVersionDate "2017.10.06"]
[SourceQuality "1"]

1. d4 g6 2. c4 Bg7 3. e4 d6 4. Nc3 Nf6 5. f3 0-0 6. Be3 c5 7. Nge2 Nc6 8. Qd2 b6 9. d5 Ne5 10. Ng3 h5 11. Be2 h4 12. Nf1 h3 13. g4 a6 14. Ng3 b5 15. cxb5 axb5 16. Nxb5 Bd7 17. 0-0 Qb6 18. Nc3 Rfb8 19. Rab1 Qb4 20. a3 Qb3 21. Bd1 Qb6 22. Be2 Qb3 23. Bd1 Qb6 24. Be2 Qb3 1/2-1/2

[Event "EU-chT Seniors 65"]
[Site "Novi Sad"]
[Date "2017.07.03"]
[Round "9.2"]
[White "Hohler, Peter"]
[Black "Rantanen, Veikko J"]
[Result "1/2-1/2"]
[WhiteElo "2096"]
[BlackElo "1985"]
[PlyCount "80"]
[EventDate "2017.06.25"]
[EventType "team-tourn"]
[EventRounds "9"]
[EventCountry "SRB"]
[SourceTitle "EXT 2018"]
[Source "ChessBase"]
[SourceDate "2017.10.13"]
[SourceVersion "1"]
[SourceVersionDate "2017.10.13"]
[SourceQuality "1"]
[WhiteTeam "Switzerland 65"]
[BlackTeam "Finland Turku 65"]
[WhiteTeamCountry "SUI"]
[BlackTeamCountry "FIN"]

1. c4 Nf6 2. Nc3 d5 3. cxd5 Nxd5 4. g3 g6 5. Bg2 Nxc3 6. bxc3 Bg7 7. Nf3 0-0 8. 0-0 Nd7 9. Rb1 Nb6 10. Qc2 Rb8 11. c4 Bd7 12. Bb2 Ba4 13. Qc1 Bxb2 14. Rxb2 c5 15. d3 Bc6 16. h4 Qd6 17. Nd2 Bxg2 18. Kxg2 Qe5 19. Nf3 Qf6 20. Rb5 Nd7 21. Qh6 b6 22. Ng5 Qg7 23. Qxg7+ Kxg7 24. a4 Rfc8 25. Rfb1 Rc6 26. Ne4 f5 27. Nc3 e6 28. R5b2 Kf6 29. Kf1 Rb7 30. a5 Ke5 31. f4+ Kf6 32. Kf2 Ke7 33. Na4 Kd6 34. h5 gxh5 35. Rh1 Nf6 36. Rhb1 Kc7 37. Nc3 Kc8 38. Na4 Kc7 39. Nc3 Kc8 40. Na4 Kc7 1/2-1/2

[Event "WchT Seniors 65"]
[Site "Hersonissos"]
[Date "2017.05.02"]
[Round "9.2"]
[White "Quinn, John M"]
[Black "Hohler, Peter"]
[Result "1/2-1/2"]
[WhiteElo "2176"]
[BlackElo "2076"]
[PlyCount "30"]
[EventDate "2017.04.24"]
[EventType "team-swiss"]
[EventRounds "9"]
[EventCountry "GRE"]
[SourceTitle "CBM 178 Extra"]
[Source "ChessBase"]
[SourceDate "2017.06.22"]
[SourceVersion "1"]
[SourceVersionDate "2017.06.22"]
[SourceQuality "1"]
[WhiteTeam "England"]
[BlackTeam "Switzerland"]
[WhiteTeamCountry "ENG"]
[BlackTeamCountry "SUI"]

1. d4 Nf6 2. c4 e6 3. Nc3 Bb4 4. Qc2 Nc6 5. Nf3 d6 6. Bg5 h6 7. Bd2 e5 8. d5 Bxc3 9. Bxc3 Ne7 10. e4 0-0 11. Be2 Nh7 12. Nd2 f5 13. 0-0-0 Nf6 14. f3 a5 15. Bd3 fxe4 1/2-1/2

[Event "WchT Seniors 65"]
[Site "Hersonissos"]
[Date "2017.04.25"]
[Round "2.2"]
[White "Hohler, Peter"]
[Black "Berkovich, Mark A"]
[Result "0-1"]
[WhiteElo "2076"]
[BlackElo "2345"]
[PlyCount "94"]
[EventDate "2017.04.24"]
[EventType "team-swiss"]
[EventRounds "9"]
[EventCountry "GRE"]
[SourceTitle "CBM 178 Extra"]
[Source "ChessBase"]
[SourceDate "2017.06.22"]
[SourceVersion "1"]
[SourceVersionDate "2017.06.22"]
[SourceQuality "1"]
[WhiteTeam "Switzerland"]
[BlackTeam "Israel"]
[WhiteTeamCountry "SUI"]
[BlackTeamCountry "ISR"]

1. d4 Nf6 2. c4 e6 3. Nf3 b6 4. g3 Bb7 5. Bg2 Be7 6. 0-0 0-0 7. Nc3 Ne4 8. Bd2 f5 9. d5 Bf6 10. Rc1 Na6 11. Be1 Nac5 12. Nd4 Qe7 13. Ndb5 c6 14. Nxe4 Nxe4 15. dxc6 dxc6 16. Nc3 Ng5 17. Qc2 c5 18. Bxb7 Qxb7 19. h4 Nf7 20. f3 Ne5 21. b3 Nc6 22. e3 Rad8 23. Qe2 Ne5 24. Rd1 h6 25. Nb1 Rxd1 26. Qxd1 g5 27. hxg5 hxg5 28. Bc3 Rd8 29. Qe2 Qg7 30. Kg2 g4 31. f4 Nf3 32. Bxf6 Qxf6 33. e4 Kf7 34. e5 Qe7 35. Rh1 Kg6 36. Kf2 Qb7 37. Qe3 Nd2 38. Rd1 Ne4+ 39. Ke2 Rh8 40. Kd3 Rh2 41. Nd2 Nf2+ 42. Kc2 Nxd1 43. Kxd1 Qh1+ 44. Kc2 Qe4+ 45. Qxe4 fxe4 46. Kc3 e3 47. Ne4 Rxa2 0-1